00629cam a2200217u 45000010005000000030008000050050017000130080039000300350014000690400024000830410008001070820029001151000050001442450034001942500011002282600036002393000024002756500022002996500028003217100062003495431BD-RjUL20211208234050.0131226s1975 ii 000 0 eng a(BD-RjUL) aDLCcCarPdDLCbeng aeng 220a347.54035bCHA 19751 aChaudhuri, Bhabendra Nath. [from old catalog]14aThe art of writing judgment / a2d ed. aAllahabad,bLaw Book Co.,c1975 axxv, 221 p.c25 cm. 0aJudgmentszIndia. 0aProcedure (Law)zIndia.1 aIndia (Republic)kLaws, statutes, etc. [from old catalog]